Регионална библиотека "Любен Каравелов" - Русе

Dictionary (Запис номер 38794)

MARC детайли
000 -Лидер
Контролно поле с фиксирана дължина 01097nam a2200289 c 4500
003 - Код на организацията, давaща контролен номер
Контролно поле BLK
005 - Дата и час на последна редакция
Контролно поле 20180426112113.0
008 - Елементи от данни с фиксирана дължина
fixed length control field 180408b bul|||||r ||||||| ||bul||
010 ## - Наследен системен номер
LC control number KNG00042040000
020 ## - Международен стандартен номер на книга ISBN
Международен стандартен номер на книга ISBN 3-341-00957-4
040 ## - Източник на каталожния запис
Идентификатор на билиотеката - собственик на записа BLK
041 ## - Код за език
Код за езика на текст/звукозапис или на отделно заглавие Английски
Код за езика КДБФ Английски
Други езици Немски
080 ## - УДК
Текстов определител УДК Корозия и защита на материалите от корозия.Вж и 621.357.7; 621.793
УДК код - определител по УДК 620.193/.197
УДК определител (038)=111=112.2
УДК - код + определител 620.193/.197(038)=111=112.2
080 ## - УДК
Текстов определител УДК Различни категории думи
УДК код - определител по УДК 81`373.4
УДК определител =111=112.2:620.193/.197
УДК - код + определител 81`373.4=111=112.2:620.193/.197
139 ## - Редно поле
Редна дума Dictionary
Авторски знак Dif - D 56
245 10 - Сведения за заглавието
Заглавие Dictionary
Подзаглавни данни Corrosion and corrosion control : English-German ; German-English : with about 13 500 entries in each part = Worterbuch : Korrosion und Korrosionsschutz : Engli
250 ## - Област на изданието
Сведения за изданието 2. rev. ed.
257 ## - Страна на издаване
Страна на създаване/издаване Германия
260 ## - Област на издателските данни
Име на издателя, разпространителя и проч. Technik
Година на издаване 1991
Място на издаване, разпространение и проч. Berlin
300 ## - Физическа характеристика
Страници 400 p.
Размери/Мащаб 21 cm
380 ## - Жанр
Жанр Техника
852 ## - Местоположение
Форматна сигнатура Цб 174451
856 4# - Електронен адрес и достъп
Електронен формат pdf - файл
856 4# - Електронен адрес и достъп
Електронен формат pdf - файл
999 ## - СИСТЕМНИ КОНТРОЛНИ НОМЕРА
Koha biblionumber 38794
Koha biblioitemnumber 38794
942 ## - АРТИКУЛИ
Вид на библиотечния материал Книги
Скрит в OPAC Не
944 ## - СЪЗДАВАНЕ И РЕДАКЦИЯ на ЗАПИСА
Създаване/Редакция Създаване
Дата на регистрацията/редакция 15.01.2003
Служител, извършил регистрацията/редакцията Кети_Илиева
944 ## - СЪЗДАВАНЕ И РЕДАКЦИЯ на ЗАПИСА
Създаване/Редакция Редакция
Дата на регистрацията/редакция 24.06.2005
999 ## - СИСТЕМНИ КОНТРОЛНИ НОМЕРА
Koha biblioitemnumber 38794
Наличности
Код за отписване Код за изгубен артикул Източник на класификационната схема Код за повреда Коз за рестрикции Код за отдаване Артикулен № Име на библиотеката - собственик Име на библиотеката, в която се намира в момента Статус (Текущо местоположение) Дата на вписване в системата Местоположение - отдел Цена в лева Инвентарен номер Систематично азбучна сигнатура Баркод Номер на екземпляра Цена в евро Служебна бележка Служебен тип на артикула
  Не е изгубен Universal Decimal Classification Не е повреден само за читалня ползва се в читалня 60728 Регионална библиотека "Любен Каравелов" Русе Регионална библиотека "Любен Каравелов" Русе Читалня - справочен фонд 2001-01-01 Читалня 297.00 593973 CЧ 620(038)/D 56 120000593973 1 151.85 Дата инв: 23.03.2017 Бележки инв: СЧ2017 Книги
Vip Innovations Ltd, Rousse, Bulgaria 2025